Divinità romane - Statistics

Statistiche generali
  • Questo quiz è stato fatto 258 volte
  • Il punteggio medio è 9 su 14
Statistiche sulle risposte
Elemento Dio/Dea % Corretto
Fulmine/tuono Giove
92%
Guerra Marte
90%
Amore Venere
90%
Mari Nettuno
84%
Vino Bacco
83%
Sole Apollo
69%
Viaggi Mercurio
67%
Saggezza Minerva
62%
Caccia Diana
61%
Matrimonio Giunone
59%
Oltretomba Plutone
57%
Fuoco Vulcano
48%
Fertilità Cerere
32%
Ciclo lunare Selene
29%
Nessun quiz corrispondente trovato
Distribuzione punteggi
Percentuale di utenti per punteggio
Percentile per numero di risposta
I tuoi punteggi nel tempo
Non hai fatto questo quiz